ពេលដែលវីរជនត្រូវសំលាប់ : (Record no. 9218)
[ view plain ]
| 000 -LEADER | |
|---|---|
| fixed length control field | 03246nam a22002777a 4500 |
| 001 - CONTROL NUMBER | |
| control field | 9218 |
| 003 - CONTROL NUMBER IDENTIFIER | |
| control field | FISKH |
| 005 - DATE AND TIME OF LATEST TRANSACTION | |
| control field | 20251203084904.0 |
| 008 - FIXED-LENGTH DATA ELEMENTS--GENERAL INFORMATION | |
| fixed length control field | 251203b cb ||||| |||| 00| 0 eng d |
| 040 ## - CATALOGING SOURCE | |
| Original cataloging agency | FISKH |
| Language of cataloging | khr |
| Transcribing agency | FISKH |
| Modifying agency | FISKH |
| 050 ## - LIBRARY OF CONGRESS CALL NUMBER | |
| Classification number | PZ7 |
| 082 ## - DEWEY DECIMAL CLASSIFICATION NUMBER | |
| Classification number | 398.2 |
| 100 ## - MAIN ENTRY--PERSONAL NAME | |
| Personal name | Sarik , Iv |
| 245 ## - TITLE STATEMENT | |
| Title | ពេលដែលវីរជនត្រូវសំលាប់ : |
| Remainder of title | When the heroes are killed / |
| Statement of responsibility, etc. | និពន្ធដោយ អុីវ សារីក , គូររូបដោយ អេត អូ |
| 260 ## - PUBLICATION, DISTRIBUTION, ETC. | |
| Place of publication, distribution, etc. | ភ្នំពេញ : |
| Date of publication, distribution, etc. | ២០០៨ . |
| 300 ## - PHYSICAL DESCRIPTION | |
| Extent | 18 pages : |
| Other physical details | color illustrations ; |
| Dimensions | 30 cm . |
| 505 ## - FORMATTED CONTENTS NOTE | |
| Formatted contents note | J <br/> |
| 520 ## - SUMMARY, ETC. | |
| Summary, etc. | តាំងពីដើមឡើយទឹកសមុទ្រតែងតែបោកបក់ធ្វើអោយច្រាំងដីបាក់ជារៀងរាល់ឆ្នាំ ។ សត្វនិងរុក្ខជាតិនៅក្នុងព្រៃមានការបារម្ភេជាខ្លាំងក៏បើកអង្គប្រជុំដើម្បីរកវិធីដោះស្រាយ ។ តែពួកគេមិនអាចដោះស្រាយបានទេ ។ នៅទីបំផុតដើមកោងកាងក៏ស្ម័គ្រចិត្តទៅប្រយុទ្ធនឹងសមុទ្រ ។ ដោយហេតុនេះហើយទើបមានដើមកោងកាងដុះក្រាស់នៅតាមសមុទ្រការពារដី។ ដោយសារពលីកម្មនេះរុក្ខជាតិនិងសត្វក៏រស់នៅសុខសប្បាយរហូត ។ ពួកគេគោរពកោងកាងជារីរជន ហើយកោរសក់មួយឆ្នាំម្តងដើម្បីសងគុណ ។ ដូច្នេះទើបរុក្ខជាតិតែងតែជម្រុះស្លឹករៀងរាល់មួយឆ្នាំម្តង ។ ប៉ុន្តែបច្ចុប្បន្ននេះព្រៃកោងកាងត្រូវបានបំផ្លាញដោយមនុស្ស ។ |
| 520 ## - SUMMARY, ETC. | |
| Summary, etc. | From the very beginning, the sea had always beaten against the shore, causing the land to erode year after year. The animals and plants in the forest were deeply worried and held a meeting to find a solution. But they could not find one.<br/><br/>At last, the mangrove tree volunteered to fight against the sea. Because of this sacrifice, mangrove trees grew thick along the coast to protect the land. Thanks to this effort, the plants and animals lived happily ever since. They honored the mangrove as their hero and shed their leaves once a year as an offering of gratitude.<br/><br/>That is why plants always shed their leaves once every year. But nowadays, the mangrove forests are being destroyed by humans. |
| 521 8# - TARGET AUDIENCE NOTE | |
| Target audience note | 500 <br/> |
| Source | Lexile estimate <br/> |
| 521 8# - TARGET AUDIENCE NOTE | |
| Target audience note | J <br/> |
| Source | Raz-Plus <br/> |
| 650 ## - SUBJECT ADDED ENTRY--TOPICAL TERM | |
| Topical term or geographic name entry element | ពេលដែលវីរជនត្រូវសំលាប់ |
| Form subdivision | រឿងនិទានអប់រំ |
| 650 ## - SUBJECT ADDED ENTRY--TOPICAL TERM | |
| Topical term or geographic name entry element | When the heroes are killed |
| Form subdivision | Children's Stories |
| 700 ## - ADDED ENTRY--PERSONAL NAME | |
| Personal name | O , Eth |
| Relator term | Illustrator |
| 942 ## - ADDED ENTRY ELEMENTS (KOHA) | |
| Source of classification or shelving scheme | Dewey Decimal Classification |
| Koha item type | Khmer Books |
| Suppress in OPAC | No |
| Withdrawn status | Lost status | Source of classification or shelving scheme | Damaged status | Not for loan | Collection | Home library | Current library | Shelving location | Date acquired | Total Checkouts | Full call number | Barcode | Date last seen | Price effective from | Koha item type |
|---|---|---|---|---|---|---|---|---|---|---|---|---|---|---|---|
| Dewey Decimal Classification | Khmer-English Bilingual / ភាសាខ្មែរ-អង់គ្លេស | Footprints International School Library Network Toul Tom Poung Campus | Footprints International School Library Network Toul Tom Poung Campus | TTP Primary Khmer Bookshelves | 12/03/2025 | SAR PZ7 398.2 | 2025-5006 | 12/03/2025 | 12/03/2025 | Khmer Books |
